000 00595 a2200193 4500
020 _a9780763746315
020 _a0763746312
040 _aDLC
_bDLC
082 0 0 _a512.5
100 1 _aWilliams, Gareth,
245 1 0 _aLinear algebra with applications
_cGareth Williams
250 _a6th ed.
260 _aSudbury, Mass. :
_bJones and Bartlett Publishers,
_cc2008.
300 _axvi, 544 p. :
_bcol. ill. ;
_c29 cm.
500 _aIncludes index.
650 0 _aAlgebras, Linear
856 4 1 _3Table of contents only
_uhttp://www.loc.gov/catdir/toc/ecip0719/2007022302.html
942 _cBK
_k512.5 WIL
_2ddc
999 _c4126
_d4126